Контактные напряжения на упругом участке контакта стружки с резцом; Технология машиностроения и проблемы прочности

Bibliografische gegevens
Parent link:Технология машиностроения и проблемы прочности.— 1978.— С. 14-17
Hoofdauteur: Полетика М. Ф. Михаил Федорович
Gepubliceerd in: 1978
Onderwerpen:
Formaat: Hoofdstuk
KOHA link:https://koha.lib.tpu.ru/cgi-bin/koha/opac-detail.pl?biblionumber=307552

MARC

LEADER 00000naa2a2200000 4500
001 307552
005 20231101011807.0
035 |a (RuTPU)RU\TPU\book\332845 
035 |a RU\TPU\tpu\7794 
090 |a 307552 
100 |a 20151021d1978 k y0rusy50 ca 
102 |a RU 
200 1 |a Контактные напряжения на упругом участке контакта стружки с резцом  |f М. Ф. Полетика 
463 |0 (RuTPU)RU\TPU\book\332490  |t Технология машиностроения и проблемы прочности  |o межвузовский научно-технический сборник  |f Томский политехнический институт (ТПИ) ; отв. ред. М. Ф. Полетика  |v С. 14-17  |d 1978  |p 190 с. 
610 1 |a резание металлов 
610 1 |a режущий инструмент 
610 1 |a резцы 
610 1 |a труды учёных ТПУ 
700 1 |a Полетика  |b М. Ф.  |c российский ученый, специалист в области электротехники  |c Почетный профессор Томского политехнического университета  |f 1922-2003  |g Михаил Федорович  |2 stltpush  |3 (RuTPU)RU\TPU\pers\19854 
801 0 |a RU  |b 63413507  |c 20020118  |g PSBO 
801 2 |a RU  |b 63413507  |c 20151021  |g PSBO 
942 |c BK